Chanson de Coupe du Monde - Statistiques

Statistiques générales
  • Ce quiz a été pris 22 fois
  • Le résultat moyen est 2 sur 39
Statistiques - réponses
Année Chansons % Correct
2010 Waka Waka
86%
2014 La La La
19%
1998 I Will Survive
14%
2010 Wavin' Flag
14%
2014 We Are One
14%
2018 Colors
10%
2022 Dreamers
10%
2018 Ramenez la coupeà la maison
10%
2022 Arhbo
5%
1998 Carnaval de Paris
5%
2022 Hayya Hayya
5%
2006 Hips don't lie
5%
2006 The Time of Our Lives
5%
2022 Tukoh taka
5%
1994 We Are The Champions
5%
1990 An italian summer
0%
1978 Anthem
0%
1986 A Special Kind of Hero
0%
2002 Boom
0%
1994 Gloryland
0%
1986 Hot Hot Hot
0%
1998 La Cour des grands
0%
2002 Let's Get Together Now
0%
2002 Let's go to the World Cup
0%
2018 Live It Up
0%
2018 Mondial
0%
2010 Sign of a Victory
0%
1974 Soccer
0%
1970 Soccer Mexico 70
0%
2014 Tatu Bom de Bola
0%
1998 The Cup of Life
0%
1962 The Rock of the World
0%
1986 The world united by a ball
0%
2006 Time to get things moving
0%
1998 Together Now
0%
2006 Up, up
0%
2014 We will find a way
0%
1982 World Cup '82
0%
1966 World Cup Willie
0%
Aucun quiz correspondant
Distribution des résultats
% des personnes avec chaque résultat
Percentile par nombre de réponses
Votre historique - résultats
Vous n’avez pas pris ce quiz